The structure of the British Isles / (Record no. 11526)
[ view plain ]
| 000 -LEADER | |
|---|---|
| fixed length control field | 00909nam a22002771 4500 |
| 001 - CONTROL NUMBER | |
| control field | 11526 |
| 003 - CONTROL NUMBER IDENTIFIER | |
| rucl marc code | BD-RjUL |
| 005 - DATE AND TIME OF LATEST TRANSACTION | |
| control field | 20211208235136.0 |
| 008 - FIXED-LENGTH DATA ELEMENTS--GENERAL INFORMATION | |
| fixed length control field | 140127s1968 enkab b 00010 eng |
| 035 ## - SYSTEM CONTROL NUMBER | |
| System control number | (BD-RjUL)11575 |
| 040 ## - CATALOGING SOURCE | |
| Original cataloging agency | DLC |
| Transcribing agency | DLC |
| Modifying agency | BD-RjUL |
| Language of cataloging | eng |
| 041 ## - LANGUAGE CODE | |
| Language code of text/sound track or separate title | eng |
| 082 ## - DEWEY DECIMAL CLASSIFICATION NUMBER | |
| Classification number | 550.5 |
| Author mark and year | ANS 1968 |
| 090 ## - LOCALLY ASSIGNED LC-TYPE CALL NUMBER (OCLC); LOCAL CALL NUMBER (OCLC) | |
| Classification number (OCLC) (R) ; Classification number, CALL (RLIN) (NR) | QE261 |
| Local cutter number (OCLC) ; Book number/undivided call number, CALL (RLIN) | F68 |
| 100 1# - MAIN ENTRY--PERSONAL NAME | |
| Personal name | Anderson, J. G. C. |
| Fuller form of name | (John Graham Comrie) |
| 9 (RLIN) | 35654 |
| 245 14 - TITLE STATEMENT | |
| Title | The structure of the British Isles / |
| Statement of responsibility, etc. | by J.G.C. Anderson and T.R. Owen. |
| 250 ## - EDITION STATEMENT | |
| Edition statement | [1st ed.] |
| 260 ## - PUBLICATION, DISTRIBUTION, ETC. (IMPRINT) | |
| Place of publication, distribution, etc. | Oxford, |
| -- | New York, |
| Name of publisher, distributor, etc. | Pergamon Press . |
| Date of publication, distribution, etc. | 1968. |
| 300 ## - PHYSICAL DESCRIPTION | |
| Pagination | vii, 162 p. : |
| Illustrations | illus., maps (4 fold. in pocket) ; |
| Size | 28 cm. |
| 504 ## - BIBLIOGRAPHY, ETC. NOTE | |
| Bibliography, etc | Bibliography: p. 148-155. |
| 650 #0 - SUBJECT ADDED ENTRY--TOPICAL TERM | |
| Topical term or geographic name as entry element | Geology |
| Geographic subdivision | Great Britain. |
| 9 (RLIN) | 35655 |
| 700 1# - ADDED ENTRY--PERSONAL NAME | |
| Personal name | Owen, T. R. |
| Fuller form of name | (Thomas Richard) |
| 942 ## - ADDED ENTRY ELEMENTS (KOHA) | |
| Source of classification or shelving scheme | Dewey Decimal Classification |
| Koha item type | Books |
| Lost status | Source of classification or shelving scheme | Damaged status | Not for loan | Collection code | Permanent Location | Current Location | Shelving location | Date acquired | Source of acquisition | Cost, normal purchase price | Total Checkouts | Full call number | Date last seen | Copy number | Koha item type |
|---|---|---|---|---|---|---|---|---|---|---|---|---|---|---|---|
| Dewey Decimal Classification | Not For Loan | Non-fiction | Central Library, University of Rajshahi | Central Library, University of Rajshahi | Reading Room | 04/09/1987 | Zeitlinger | 45.00 | 550.5 ANS 1968 | 27/01/2014 | C-1 | Books |